000 01448nam a2200313Ia 4500
001 letslookatanimal00fred
003 CaSfIA
005 20210118163832.0
007 cr||||
008 890125s1987 nyua j 000 1 eng d
040 _aSLC
_cSLC
_dBAKER
_dCaSfIA
020 _a0843130180 :
_c$4.95
020 _a9780843130188
035 _a(OCoLC)19060312
082 4 _a813
245 0 0 _aLet's look at animals /
_h[electronic resource]
_c[illustrated by Victor Frederick].
260 _a[New York] :
_bPrice, Sloan, Stern,
_cc1987.
300 _a[12] p. :
_bcol. ill. ;
_c28 cm.
490 0 _aPreschool word books
500 _aCover title.
500 _a"Treasure books."
520 _aHeavy board pages depict various animals who live on the farm, in the woods and in the jungle, together with their corresponding vocabulary words.
700 1 _aFrederick, Victor,
_eill.
856 4 1 _uhttp://www.archive.org/details/letslookatanimal00fred
_zFree eBook from the Internet Archive
856 4 2 _uhttp://www.openlibrary.org/books/OL24373913M
_zAdditional information and access via Open Library
942 _cEB
506 _fНеобхідна авторизація на https://archive.org/ (створення облікового запису безкоштовно)
506 _fНеобхідна авторизація на https://openlibrary.org/ (створення облікового запису безкоштовно)
999 _c518242
_d518242